Southville International School and Colleges
Your cart is empty.
  • Cart
  • Lists
    Public lists Eva Luna New books Lux_list list_1
    Your lists Log in to create your own lists
  • Log in to your account
  • Your cookies
  • Search history
Southville International School and Colleges
  • Advanced search
  • Recent comments
  • Most popular
  • Libraries

Log in to your account

Log in with GOOGLE


If you do not have an external account, but do have a local account, you can still log in:

  1. Home
  2. MARC view: Quality tourism experiences /
Normal view MARC view ISBD view

Quality tourism experiences / (Record no. 21618)

[ view plain ]
MARC details
000 -LEADER
fixed length control field 00635nam a2200217 a 4500
003 - CONTROL NUMBER IDENTIFIER
control field PILC
005 - DATE AND TIME OF LATEST TRANSACTION
control field 20160224154224.0
008 - FIXED-LENGTH DATA ELEMENTS--GENERAL INFORMATION
fixed length control field 060901s19uu xx 00 eng d
020 ## - INTERNATIONAL STANDARD BOOK NUMBER
International Standard Book Number 978750678117
050 ## - LIBRARY OF CONGRESS CALL NUMBER
Classification number G 155.A1
Item number .J46 2006
100 ## - MAIN ENTRY--PERSONAL NAME
Personal name Jennings, Gayle.
245 ## - TITLE STATEMENT
Title Quality tourism experiences /
Statement of responsibility, etc Gayle Jennings, Norma Polovitz Nickerson.
260 ## - PUBLICATION, DISTRIBUTION, ETC. (IMPRINT)
Place of publication, distribution, etc Amsterdam :
Name of publisher, distributor, etc Elseviere Butterworth Heinemann,
Date of publication, distribution, etc 2006.
300 ## - PHYSICAL DESCRIPTION
Extent 253 pages ;
Dimensions 21 cm.
500 ## - GENERAL NOTE
General note Includes index.
650 ## - SUBJECT ADDED ENTRY--TOPICAL TERM
Topical term or geographic name as entry element Tourism.
650 ## - SUBJECT ADDED ENTRY--TOPICAL TERM
Topical term or geographic name as entry element Quality (Aesthetics).
700 ## - ADDED ENTRY--PERSONAL NAME
Personal name Nickerson, Norma Polovitz.
942 ## - ADDED ENTRY ELEMENTS (KOHA)
Koha item type Books
Source of classification or shelving scheme Library of Congress Classification
Call number prefix Foreign
Holdings
Withdrawn status Lost status Source of classification or shelving scheme Damaged status Home library Current library Shelving location Date acquired Source of acquisition Total Checkouts Full call number Barcode Date last seen Copy number Price effective from Koha item type
    Library of Congress Classification   College Library College Library General Circulation Section 10/11/2010 Library Fund   G 155.A1 .J46 2006 C7579 05/15/2018 1 03/10/2014 Books
    Library of Congress Classification   College Library College Library General Circulation Section 01/13/2014 Library Fund   G 155.A1 .J46 2006 C11003 05/15/2018 2 01/13/2014 Books

Quality tourism experiences /

APA

Jennings G., Nickerson N. P., . (2006). Quality tourism experiences. Amsterdam: Elseviere Butterworth Heinemann.

Chicago

Jennings Gayle, Nickerson Norma Polovitz, . 2006. Quality tourism experiences. Amsterdam: Elseviere Butterworth Heinemann.

Harvard

Jennings G., Nickerson N. P., . (2006). Quality tourism experiences. Amsterdam: Elseviere Butterworth Heinemann.

MLA

Jennings Gayle, Nickerson Norma Polovitz, . Quality tourism experiences. Amsterdam: Elseviere Butterworth Heinemann. 2006.

  • Place hold
  • Print
  • Cite
  • Add to your cart (remove)
  • Save record
    BIBTEX Dublin Core MARCXML MARC (non-Unicode/MARC-8) MARC (Unicode/UTF-8) MARC (Unicode/UTF-8, Standard) MODS (XML) RIS
  • More searches
    Search for this title in:
    Other Libraries (WorldCat) Other Databases (Google Scholar) Online Stores (Bookfinder.com) Open Library (openlibrary.org)

Exporting to Dublin Core...

SOUTHVILLE LIBRARY

Southville International School and Colleges Library

1281 Tropical Ave. Cor. Luxembourg St., BF Homes International, Las Pinas City

Tel. No. 8256374 / 252358 Loc. 117/146

Powered by Koha